| 000 | 01173nam0a2200325 4500 | ||
|---|---|---|---|
| 001 | RU\NLR\bibl\77715 | ||
| 005 | 20250616102527.0 | ||
| 010 | _a5-93129-002-8 | ||
| 010 |
_a966-7253-05-8 _95000 |
||
| 021 |
_aRU _b1998-44140 _92117 |
||
| 035 | _a(NLR Aleph) 000075872 | ||
| 090 |
_a420510 _c420510 |
||
| 100 | _a20000330d1998 |||y0rusy50 ca | ||
| 101 | 0 | _arus | |
| 102 |
_aRU _aUA |
||
| 105 | _ay ||||||||| | ||
| 200 | 1 |
_aЭндокринные заболевания и синдромы _eКлассификация _fА.Б. Андрусенко |
|
| 210 |
_aМ. _cЗнание-М _aЗапорожье _cЗнание _d1998 |
||
| 215 |
_a176,[1] с. _d20 |
||
| 320 | _aБиблиогр.: с. 171-174 (73 назв.) | ||
| 606 | 0 |
_aЭндокринные болезни _xКлассификация _92560032 _3RU\NLR\auth\661514410 |
|
| 606 | 0 |
_aЭндокринология _xСиндромы _92538436 _3RU\NLR\auth\661503025 |
|
| 686 | _aР415.1-3 | ||
| 700 | 1 |
_aАндрусенко _bА. Б. _4070 |
|
| 801 | 0 |
_aRU _bNLR _c20000330 _gPSBO |
|
| 801 | 1 |
_aRU _bNLR _c20000330 |
|
| 852 |
_aNLR _j2000-3/175 |
||
| 942 | _cBOOK | ||
| 980 | _aNB | ||